The story of Indian music and its instruments: a study of the present and a record of the past (Record no. 52151)

MARC details
000 -LEADER
fixed length control field 00440nam a2200145Ia 4500
008 - FIXED-LENGTH DATA ELEMENTS--GENERAL INFORMATION
fixed length control field 230917s9999||||xx |||||||||||||| ||und||
040 ## - CATALOGING SOURCE
-- 54611
Original cataloging agency VIVEKANANDA LIBRARY
041 ## - Language
-- English
082 ## - DDC NUMBER
Classification number 780.954 R727S
100 ## - MAIN ENTRY--PERSONAL NAME
Personal name Rosenthal, Ethel
245 #4 - TITLE STATEMENT
Title The story of Indian music and its instruments: a study of the present and a record of the past
260 ## - PUBLICATION, DISTRIBUTION, ETC. (IMPRINT)
Place of publication, distribution, etc New Delhi
Name of publisher, distributor, etc Ooriental Books Reprint
Date of publication, distribution, etc 1980
300 ## - PHYSICAL DESCRIPTION
Pages xxvii, 220 p.
942 ## - ADDED ENTRY ELEMENTS (KOHA)
Koha item type Books
Holdings
Withdrawn status Lost status Damaged status Not for loan Location (home branch) Sublocation or collection (holding branch) Date acquired Koha issues (times borrowed) Koha full call number Accession No. Koha date last seen Koha item type
        VIVEKANANDA LIBRARY VIVEKANANDA LIBRARY 18/12/2002   780.954 R727S 121114 17/09/2023 Books
© Designed and Maintained by Vivekananda Library, MDU Rohtak